Historia de la crítica de arte. La crítica de arte en la actualidad

Bewaard in:
Bibliografische gegevens
Hoofdauteur: Venturi, Lionello (Auteur)
Formaat: Boek
Taal:Spaans
Gepubliceerd in: Buenos Aires Poseidón 1949
Onderwerpen:
Tags: Voeg label toe
Geen labels, Wees de eerste die dit record labelt!

MARC

LEADER 00000nam a2200000 a 4500
001 UCG4473
003 CL-VaPUC
008 101104e19490000AG |||||||||||||||||spa|d
082 0 4 |a 701.18  |b VEN  |2 21 
100 0 |a Venturi, Lionello  |e author  |9 553768 
245 1 0 |a Historia de la crítica de arte. La crítica de arte en la actualidad 
300 |a 356 p 
942 |c BK 
945 |d 20101104 00:00:00  |a mfarfan 
260 |a Buenos Aires  |b Poseidón  |c 1949 
650 0 |a Crítica de arte  |9 334590 
650 0 |a Historia del arte  |9 314877 
583 |a last modification  |c 20170518 12:48:52  |k Rodrigo Vera 
999 |c 343177  |d 343175 
952 |0 0  |1 0  |4 0  |6 701_180000000000000_VEN_1949  |7 0  |8 A  |9 440251  |a BIBHIS  |b BIBHIS  |d 2019-11-22  |i 4731034  |o 701.18 VEN 1949  |p 4731034  |r 2025-01-20  |w 2019-11-22  |y BK  |k HIS